00411nam a2200157Ia 4500008004100000020001500041041001200056082001600068100001700084245006600101250000800167260003500175300000800210650001800218700001700236221030s9999 xx 000 0 und d a8177580108 aEnglish a105.23bLau aK. C. Loudon 0aManagement Information Systemscby K. C. Loudon, J. P. Loudon a8th bPearson EducationaDelhic2005 a604 aMBA Computers aJ. P. Loudon